[Event "SVK Extraliga 2019-20"]
[Site "Slovakia"]
[Date "2020.09.05"]
[Round "10.5"]
[White "Popovic, Martin"]
[Black "Bures, Jaroslav"]
[Result "0-1"]
[WhiteElo "2017"]
[BlackElo "2385"]
[Annotator "TA"]
[PlyCount "94"]
[EventDate "2019.10.19"]
[EventType "team-tourn"]
[EventCountry "SVK"]
[SourceTitle "playchess.com"]
[Source "ChessBase"]
[SourceQuality "1"]
[WhiteTeam "Kosice"]
[BlackTeam "Slovan"]

{[%evp 23,94,-8,-6,-12,-12,-18,-17,-28,-13,-28,5,-51,-49,-62,-11,-9,-14,-12,-5,-10,-11,-30,-32,-28,-14,-16,-17,-38,-22,-40,-30,-38,-28,-106,-101,-116,-114,-235,-236,-260,-252,-382,-370,-362,-442,-493,-487,-467,-440,-654,-641,-581,-523,-1013,-973,-1021,-893,-1674,-1574,-1462,-1274,-5102,-4133,-6965,-6412,-2371,-1810,-29969,-29969,-29978,-29980,-29980,-29980]} 1. e4 Nf6 2. e5 Nd5 3. d4 d6 4. Nf3 g6 5. c4 Nb6 6. Nc3 Bg7 7. Be2 O-O 8. O-O Nc6 9. exd6 cxd6 10. Be3 Bg4 11. b3 d5 12. cxd5 Nxd5 13. Nxd5 {B04: Alekhine's Defence: 4 Nf3.} Qxd5 14. Rc1 Rad8 15. h3 {The position is equal.} Bf5 {[%cal Rc6d4] [#]} 16. Bc4 $146 ({Predecessor:} 16. Rc5 Qd6 17. Bc4 e6 18. g4 Nxd4 19. Bxd4 Be4 20. Qa1 Bxd4 21. Qxd4 Bxf3 22. Qxd6 Rxd6 {0-1 (57) Movsesian,J (2333)-Kashlinskaya,A (2441) Plovdiv 2014}) 16... Qa5 17. Qe2 ({Better is} 17. Re1 $11) 17... Be4 $15 18. Rfd1 Bd5 (18... a6 $15) 19. Bxd5 $11 Rxd5 20. Rc5 Qd8 21. Qb5 a6 22. Rxd5 axb5 23. Rxd8 Rxd8 24. Rc1 Rd5 25. b4 e6 26. a3 h6 27. Kf1 g5 28. g4 {[#]} (28. g3 $11 {keeps the balance.}) 28... f5 $1 $17 ({Of course not} 28... Nxd4 $6 29. Nxd4 Bxd4 30. Bxd4 $11) 29. gxf5 exf5 30. Rc5 {This move loses the game for White.} (30. Rc2 $17 {might work better.}) 30... Rxc5 $19 31. bxc5 {[%mdl 4096] Endgame intending d5. KBN-KBN} f4 32. d5 (32. Ke2 $142) 32... fxe3 33. dxc6 bxc6 34. fxe3 {KB-KN} Kf7 35. Ke2 Ke6 36. e4 (36. Ne1 $142 Bb2 37. Nc2) 36... Bb2 37. Kd3 Kf6 38. Nd2 Bxa3 39. Nb3 h5 40. Ke3 Ke5 41. Kf3 Bb4 42. Ke3 g4 43. h4 Ba3 44. Kd3 Kf4 45. Nd4 g3 {Black mates.} 46. Ne6+ Ke5 47. Ng5 g2 {Accuracy: White = 52%, Black = 91%.} 0-1

[Event "SVK Extraliga 2019-20"]
[Site "Slovakia"]
[Date "2020.09.05"]
[Round "10.6"]
[White "Czebe, Attila"]
[Black "Druska, Juraj"]
[Result "1/2-1/2"]
[WhiteElo "2379"]
[BlackElo "2500"]
[Annotator "RC"]
[PlyCount "129"]
[EventDate "2019.10.19"]
[EventType "team-tourn"]
[EventCountry "SVK"]
[SourceTitle "playchess.com"]
[Source "ChessBase"]
[SourceQuality "1"]
[WhiteTeam "Streda"]
[BlackTeam "Prakovce"]
[TimeControl "40/5400+30:1800+30"]

1. e4 {[%emt 0:00:00]} c5 {[%emt 0:03:19]} 2. Nf3 {[%emt 0:03:09]} Nc6 {[%emt 0:00:08]} 3. d4 {[%emt 0:01:06]} cxd4 {[%emt 0:00:15]} 4. Nxd4 {[%emt 0:00:05]} g6 {[%emt 0:00:17]} 5. c4 {[%emt 0:00:18]} Nf6 {[%emt 0:00:06]} 6. Nc3 {[%emt 0:00:07]} d6 {[%emt 0:00:05]} 7. Be2 {[%emt 0:00:34]} Nxd4 {[%emt 0:00:10]} 8. Qxd4 {[%emt 0:00:05]} Bg7 {[%emt 0:00:06]} 9. Bg5 {[%emt 0:03:36]} O-O {[%emt 0:00:17]} 10. Qd2 {[%emt 0:00:09]} Be6 {[%emt 0:19:58]} 11. Rc1 {[%emt 0:02:30]} a6 {[%emt 0:22:01]} 12. O-O {[%emt 0:07:34]} Qa5 {[%emt 0:07:13]} 13. Rfd1 {[%emt 0:12:15]} Rfc8 {[%emt 0:03:33]} 14. Bxf6 {[%emt 0:01:53]} Bxf6 {[%emt 0:18:50]} 15. Nd5 {[%emt 0:00:18]} Qxd2 {[%emt 0:04:48]} 16. Nxf6+ {[%emt 0:00:19]} exf6 {[%emt 0:00:01]} 17. Rxd2 {[%emt 0:00:08]} Rc6 {[%emt 0:00:22]} 18. b3 {[%emt 0:03:26]} Kf8 {[%emt 0:00:43]} 19. Rcd1 {[%emt 0:00:46]} Ke7 {[%emt 0:00:25]} 20. f4 {[%emt 0:00:08]} Rac8 {[%emt 0:11:13]} 21. Bf3 {[%emt 0:01:46]} Rb6 {[%emt 0:00:10]} 22. Rd3 {[%emt 0:03:21]} h5 {[%emt 0:01:08]} 23. R1d2 {[%emt 0:03:42]} Rc5 {[%emt 0:00:56]} 24. Kf2 {[%emt 0:04:16]} Ra5 {[%emt 0:00:34]} 25. Ke3 {[%emt 0:03:09]} Rc5 {[%emt 0:00:33]} 26. g3 {[%emt 0:01:30]} Bg4 {[%emt 0:01:08]} 27. Bg2 {[%emt 0:04:15]} Be6 {[%emt 0:00:01]} 28. h4 {[%emt 0:02:25]} Bg4 {[%emt 0:02:10]} 29. Kd4 {[%emt 0:00:38]} Be6 {[%emt 0:00:44]} 30. Re3 {[%emt 0:02:15]} a5 {[%emt 0:01:12]} 31. Bf1 {[%emt 0:06:18]} Rbc6 {[%emt 0:01:17]} 32. a3 {[%emt 0:04:22]} Rc8 {[%emt 0:00:20]} 33. Rb2 {[%emt 0:00:55]} R5c7 {[%emt 0:00:20]} 34. a4 {[%emt 0:00:47]} Rc6 {[%emt 0:00:42]} 35. Rd2 {[%emt 0:11:19]} Rb6 {[%emt 0:00:05]} 36. Kc3 {[%emt 0:00:17]} Rc5 {[%emt 0:00:20]} 37. Be2 {[%emt 0:02:14]} Rb4 {[%emt 0:00:26]} 38. f5 {[%emt 0:00:45]} gxf5 {[%emt 0:02:03]} 39. exf5 {[%emt 0:00:06]} Rxf5 {[%emt 0:00:01]} 40. Rd5 {[%emt 0:00:16]} Kf8 {[%emt 0:01:27]} 41. Rxf5 {[%emt 0:31:33]} Bxf5 {[%emt 0:30:02]} 42. Bxh5 {[%emt 0:00:18]} Be6 {[%emt 0:00:00]} 43. Bf3 {[%emt 0:00:00]} Rb6 {[%emt 0:00:00]} 44. Rd3 {[%emt 0:00:00]} f5 {[%emt 0:00:00]} 45. Rd4 {[%emt 0:00:00]} Ke7 {[%emt 0:00:00]} 46. h5 {[%emt 0:00:00]} Kf6 {[%emt 0:00:00]} 47. g4 {[%emt 0:00:00]} fxg4 {[%emt 0:00:00]} 48. Bxg4 {[%emt 0:00:00]} Bxg4 {[%emt 0:00:00]} 49. Rxg4 {[%emt 0:00:00]} Rc6 {[%emt 0:00:00]} 50. h6 {[%emt 0:00:00]} Rc8 {[%emt 0:00:00]} 51. Rd4 {[%emt 0:00:00]} Rd8 {[%emt 0:02:29]} 52. c5 {[%emt 0:02:48]} d5 {[%emt 0:00:15]} 53. b4 {[%emt 0:00:50]} Ke5 {[%emt 0:01:10]} 54. h7 {[%emt 0:03:22]} Rh8 {[%emt 0:01:01]} 55. Rh4 {[%emt 0:00:04]} d4+ {[%emt 0:01:41]} 56. Kc4 axb4 57. Kxb4 {[%emt 0:00:40]} f5 {[%emt 0:00:17]} 58. Kc4 {[%emt 0:00:10]} f4 {[%emt 0:00:24]} 59. Kd3 {[%emt 0:00:16]} f3 {[%emt 0:00:06]} 60. a5 {[%emt 0:00:43]} Kf5 {[%emt 0:00:28]} 61. c6 {[%emt 0:03:59]} bxc6 {[%emt 0:00:05]} 62. a6 {[%emt 0:00:02]} Kg5 {[%emt 0:00:56]} 63. Rh1 {[%emt 0:00:15]} Kf4 {[%emt 0:02:07]} 64. a7 {[%emt 0:00:24]} f2 {[%emt 0:00:25]} 65. Kxd4 {[%emt 0:06:27]} 1/2-1/2

[Event "SVK Extraliga 2019-20"]
[Site "Slovakia"]
[Date "2020.09.05"]
[Round "10.6"]
[White "Zpevak, Pavel"]
[Black "Zambor, Norbert"]
[Result "1/2-1/2"]
[WhiteElo "2344"]
[BlackElo "2262"]
[Annotator "ChessBase"]
[PlyCount "42"]
[EventDate "2019.10.19"]
[EventType "team-tourn"]
[EventCountry "SVK"]
[SourceTitle "playchess.com"]
[Source "ChessBase"]
[SourceQuality "1"]
[WhiteTeam "Dubnica"]
[BlackTeam "Prakovce"]
[TimeControl "40/5400+30:1800+30"]

1. Nf3 {[%emt 0:00:00]} Nf6 {[%emt 0:00:00]} 2. d4 {[%emt 0:00:31]} e6 {[%emt 0:00:57]} 3. c4 {[%emt 0:00:23]} c5 {[%emt 0:00:42]} 4. e3 {[%emt 0:00:30]} cxd4 {[%emt 0:01:13]} 5. exd4 {[%emt 0:01:47]} d5 {[%emt 0:00:06]} 6. Nc3 {[%emt 0:00:43]} Be7 {[%emt 0:03:27]} 7. a3 {[%emt 0:02:51]} O-O {[%emt 0:00:35]} 8. Bd3 {[%emt 0:04:30]} dxc4 {[%emt 0:01:45]} 9. Bxc4 {[%emt 0:00:09]} a6 {[%emt 0:02:51]} 10. O-O {[%emt 0:07:02]} b5 {[%emt 0:03:04]} 11. Ba2 {[%emt 0:01:12]} Bb7 {[%emt 0:01:07]} 12. Qe2 {[%emt 0:01:05]} Nbd7 {[%emt 0:02:47]} 13. Bg5 {[%emt 0:16:27]} Nb6 {[%emt 0:01:14]} 14. Rad1 {[%emt 0:12:39]} Nbd5 {[%emt 0:17:55]} 15. Nxd5 {[%emt 0:04:32]} Bxd5 {[%emt 0:02:42]} 16. Bb1 {[%emt 0:00:57]} Rc8 {[%emt 0:06:52]} 17. Ne5 {[%emt 0:02:20]} Nd7 {[%emt 0:13:37]} 18. Qh5 {[%emt 0:11:19]} f5 {[%emt 0:02:10]} 19. Bxe7 {[%emt 0:01:26]} Qxe7 {[%emt 0:00:12]} 20. Nd3 {[%emt 0:01:51]} Qd6 {[%emt 0:07:32]} 21. Qh4 {[%emt 0:02:20]} Be4 {[%emt 0:18:06]} 1/2-1/2

[Event "SVK Extraliga 2019-20"]
[Site "Slovakia"]
[Date "2020.09.05"]
[Round "10.6"]
[White "Briestensky, Rastislav"]
[Black "Varga, Lukas"]
[Result "1-0"]
[WhiteElo "2301"]
[BlackElo "2065"]
[Annotator "ChessBase"]
[PlyCount "79"]
[EventDate "2019.10.19"]
[EventType "team-tourn"]
[EventCountry "SVK"]
[SourceTitle "playchess.com"]
[Source "ChessBase"]
[SourceQuality "1"]
[WhiteTeam "Slovan"]
[BlackTeam "Kosice"]
[TimeControl "40/5400+30:1800+30"]

1. d4 {[%emt 0:00:00]} Nf6 {[%emt 0:00:00]} 2. Nf3 {[%emt 0:00:00]} c5 {[%emt 0:01:07]} 3. e3 {[%emt 0:00:43]} d5 {[%emt 0:01:26]} 4. Be2 {[%emt 0:00:44]} Nc6 {[%emt 0:04:29]} 5. O-O {[%emt 0:00:53]} Bg4 {[%emt 0:04:29]} 6. c3 {[%emt 0:06:00]} Bxf3 {[%emt 0:04:21]} 7. Bxf3 {[%emt 0:00:17]} e5 {[%emt 0:00:16]} 8. dxc5 {[%emt 0:05:03]} e4 {[%emt 0:11:32]} 9. Be2 {[%emt 0:00:05]} Bxc5 {[%emt 0:00:11]} 10. b4 {[%emt 0:03:32]} Bd6 {[%emt 0:02:58]} 11. Na3 {[%emt 0:06:55]} Be5 {[%emt 0:08:44]} 12. Bd2 {[%emt 0:04:38]} O-O {[%emt 0:02:54]} 13. Rc1 {[%emt 0:09:21]} Qd6 {[%emt 0:06:25]} 14. h3 {[%emt 0:08:44]} a5 {[%emt 0:01:13]} 15. Nb5 {[%emt 0:00:37]} Qe7 {[%emt 0:00:14]} 16. a3 {[%emt 0:03:48]} Nd7 {[%emt 0:04:20]} 17. Qb3 {[%emt 0:09:41]} Nb6 {[%emt 0:05:10]} 18. Rfd1 {[%emt 0:08:38]} Qe6 {[%emt 0:04:36]} 19. Nd4 {[%emt 0:11:38]} Qf6 {[%emt 0:02:13]} 20. Be1 {[%emt 0:03:14]} Rfc8 {[%emt 0:03:16]} 21. Bb5 {[%emt 0:05:25]} axb4 {[%emt 0:02:20]} 22. axb4 {[%emt 0:01:48]} Nc4 {[%emt 0:05:24]} 23. Nxc6 {[%emt 0:01:12]} Ra3 {[%emt 0:00:11]} 24. Qb1 {[%emt 0:00:17]} Rxc6 {[%emt 0:01:25]} 25. Bxc6 {[%emt 0:02:32]} Qxc6 {[%emt 0:00:17]} 26. Rc2 {[%emt 0:01:09]} g6 {[%emt 0:02:12]} 27. Ra2 {[%emt 0:00:11]} Bxc3 {[%emt 0:01:09]} 28. Rxa3 {[%emt 0:02:16]} Nxa3 {[%emt 0:00:10]} 29. Qb3 {[%emt 0:00:46]} Bxe1 {[%emt 0:01:01]} 30. Qxa3 {[%emt 0:01:02]} Bxf2+ {[%emt 0:04:10]} 31. Kxf2 {[%emt 0:00:04]} Qc2+ {[%emt 0:00:07]} 32. Ke1 {[%emt 0:00:03]} Qxg2 {[%emt 0:00:21]} 33. Rxd5 {[%emt 0:02:34]} Qg1+ {[%emt 0:00:49]} 34. Kd2 {[%emt 0:00:26]} Qf2+ {[%emt 0:01:55]} 35. Kc1 {[%emt 0:00:22]} Qf1+ {[%emt 0:00:51]} 36. Rd1 {[%emt 0:00:09]} Qxh3 {[%emt 0:00:15]} 37. Qc3 {[%emt 0:00:15]} f6 {[%emt 0:01:07]} 38. Qc4+ {[%emt 0:00:40]} Kg7 {[%emt 0:00:38]} 39. Qxe4 {[%emt 0:00:17]} h5 {[%emt 0:00:48]} 40. Qxb7+ {[%emt 0:00:25]} 1-0

[Event "SVK Extraliga 2019-20"]
[Site "Slovakia"]
[Date "2020.09.05"]
[Round "10.6"]
[White "Schwarz, Dusan"]
[Black "Haring, Filip"]
[Result "0-1"]
[WhiteElo "2297"]
[BlackElo "2333"]
[Annotator "ChessBase"]
[PlyCount "72"]
[EventDate "2019.10.19"]
[EventType "team-tourn"]
[EventCountry "SVK"]
[SourceTitle "playchess.com"]
[Source "ChessBase"]
[SourceQuality "1"]
[WhiteTeam "Modra"]
[BlackTeam "Liptovska"]
[TimeControl "40/5400+30:1800+30"]

1. Nf3 {[%emt 0:00:00]} Nf6 {[%emt 0:00:00]} 2. c4 {[%emt 0:00:00]} c5 {[%emt 0:00:16]} 3. Nc3 {[%emt 0:00:09]} Nc6 {[%emt 0:01:01]} 4. g3 {[%emt 0:01:48]} g6 {[%emt 0:00:11]} 5. Bg2 {[%emt 0:00:40]} d6 {[%emt 0:00:23]} 6. d4 {[%emt 0:01:09]} cxd4 {[%emt 0:00:33]} 7. Nxd4 {[%emt 0:00:10]} Bd7 {[%emt 0:00:22]} 8. O-O {[%emt 0:04:08]} Bg7 {[%emt 0:00:57]} 9. Nc2 {[%emt 0:03:53]} Qc8 {[%emt 0:02:44]} 10. Ne3 {[%emt 0:32:41]} Bh3 {[%emt 0:03:24]} 11. Ncd5 {[%emt 0:02:08]} h5 {[%emt 0:09:17]} 12. Nc7+ {[%emt 0:07:20]} Kf8 {[%emt 0:22:35]} 13. Nxa8 {[%emt 0:00:24]} h4 {[%emt 0:00:04]} 14. g4 {[%emt 0:09:41]} Bxg2 {[%emt 0:01:11]} 15. Kxg2 {[%emt 0:00:13]} Nxg4 {[%emt 0:01:08]} 16. h3 {[%emt 0:04:15]} Nf6 {[%emt 0:06:52]} 17. Nd5 {[%emt 0:05:11]} Qxa8 {[%emt 0:02:04]} 18. f3 {[%emt 0:03:18]} Qc8 {[%emt 0:10:37]} 19. Bd2 {[%emt 0:03:51]} Qe6 {[%emt 0:02:30]} 20. e4 {[%emt 0:00:44]} Rh5 {[%emt 0:03:52]} 21. Qc2 {[%emt 0:03:16]} Qe5 {[%emt 0:05:05]} 22. Be1 {[%emt 0:06:16]} Nd4 {[%emt 0:02:31]} 23. Qd3 {[%emt 0:00:48]} Ne6 {[%emt 0:03:44]} 24. Kh1 {[%emt 0:04:19]} Ng5 {[%emt 0:09:07]} 25. Nxf6 {[%emt 0:02:19]} Bxf6 {[%emt 0:00:50]} 26. Rd1 {[%emt 0:02:18]} Qe6 {[%emt 0:03:34]} 27. f4 {[%emt 0:00:46]} Nxe4 {[%emt 0:00:12]} 28. Kg2 {[%emt 0:01:07]} Bxb2 {[%emt 0:03:31]} 29. Rb1 {[%emt 0:00:46]} Nc5 {[%emt 0:01:49]} 30. Qf3 {[%emt 0:00:12]} Bf6 {[%emt 0:00:30]} 31. Bf2 {[%emt 0:00:35]} Qxc4 {[%emt 0:00:57]} 32. Bxc5 {[%emt 0:00:33]} Rxc5 {[%emt 0:01:14]} 33. Rxb7 {[%emt 0:00:14]} Qxa2+ {[%emt 0:00:14]} 34. Rf2 {[%emt 0:01:06]} Rc2 {[%emt 0:01:07]} 35. Rxa7 {[%emt 0:00:16]} Rxf2+ {[%emt 0:00:03]} 36. Qxf2 {[%emt 0:00:19]} Qxf2+ {[%emt 0:00:03]} 0-1

[Event "SVK Extraliga 2019-20"]
[Site "Slovakia"]
[Date "2020.09.05"]
[Round "10.6"]
[White "Cibickova, Zuzana"]
[Black "Lisko, Frantisek"]
[Result "0-1"]
[WhiteElo "2256"]
[BlackElo "2223"]
[Annotator "ChessBase"]
[PlyCount "100"]
[EventDate "2019.10.19"]
[EventType "team-tourn"]
[EventCountry "SVK"]
[SourceTitle "playchess.com"]
[Source "ChessBase"]
[SourceQuality "1"]
[WhiteTeam "Komarno"]
[BlackTeam "Dunajov"]
[TimeControl "40/5400+30:1800+30"]

1. e4 {[%emt 0:04:09]} c5 {[%emt 0:00:00]} 2. Nf3 {[%emt 0:00:28]} e6 {[%emt 0:00:00]} 3. d4 {[%emt 0:01:11]} cxd4 {[%emt 0:00:00]} 4. Nxd4 {[%emt 0:00:04]} Nf6 {[%emt 0:00:02]} 5. Nc3 {[%emt 0:00:09]} Nc6 {[%emt 0:00:06]} 6. g3 {[%emt 0:11:07]} Bb4 {[%emt 0:04:50]} 7. Bg2 {[%emt 0:03:52]} d6 {[%emt 0:10:09]} 8. Nde2 {[%emt 0:06:20]} O-O {[%emt 0:03:15]} 9. O-O {[%emt 0:00:18]} a6 {[%emt 0:02:06]} 10. h3 {[%emt 0:13:04]} Qc7 {[%emt 0:05:18]} 11. a3 {[%emt 0:05:25]} Bc5 {[%emt 0:00:59]} 12. Bg5 {[%emt 0:00:19]} Nd7 {[%emt 0:01:08]} 13. b4 {[%emt 0:01:44]} Bb6 {[%emt 0:10:53]} 14. b5 {[%emt 0:02:15]} axb5 {[%emt 0:01:54]} 15. Nxb5 {[%emt 0:01:30]} Qb8 {[%emt 0:01:43]} 16. Nxd6 {[%emt 0:09:48]} Nde5 {[%emt 0:03:37]} 17. Nxc8 {[%emt 0:16:29]} Rxc8 {[%emt 0:00:47]} 18. c3 {[%emt 0:01:31]} Qa7 {[%emt 0:05:29]} 19. Ra2 {[%emt 0:12:53]} h6 {[%emt 0:03:00]} 20. Bc1 {[%emt 0:01:58]} Nc4 {[%emt 0:13:26]} 21. Nf4 {[%emt 0:02:19]} Rd8 {[%emt 0:02:01]} 22. Qe2 {[%emt 0:00:07]} Qa4 {[%emt 0:01:43]} 23. Nh5 {[%emt 0:02:16]} N6e5 {[%emt 0:01:35]} 24. Bf4 {[%emt 0:00:34]} Ra5 {[%emt 0:02:04]} 25. Rb1 {[%emt 0:01:39]} Nd3 {[%emt 0:11:08]} 26. Kh2 {[%emt 0:00:03]} g5 {[%emt 0:04:51]} 27. Bc1 {[%emt 0:01:21]} Bxf2 {[%emt 0:01:10]} 28. Nf6+ {[%emt 0:00:13]} Kg7 {[%emt 0:00:45]} 29. Ng4 {[%emt 0:00:39]} Be1 {[%emt 0:01:52]} 30. Be3 Bxc3 {[%emt 0:01:20]} 31. Rxb7 {[%emt 0:01:06]} Nxe3 {[%emt 0:04:53]} 32. Nxe3 Ra7 {[%emt 0:01:41]} 33. Rxa7 {[%emt 0:01:02]} Qxa7 {[%emt 0:00:01]} 34. Rc2 {[%emt 0:00:35]} Qxa3 {[%emt 0:00:21]} 35. Qh5 {[%emt 0:00:28]} Qb3 {[%emt 0:01:34]} 36. Re2 {[%emt 0:00:32]} Bd4 {[%emt 0:00:48]} 37. Nf1 {[%emt 0:00:30]} Qd1 {[%emt 0:00:35]} 38. h4 {[%emt 0:00:25]} Rh8 {[%emt 0:01:13]} 39. Qf3 {[%emt 0:00:26]} Ne5 {[%emt 0:00:39]} 40. Qh5 {[%emt 0:00:22]} Bc5 {[%emt 0:00:29]} 41. Bh3 {[%emt 0:05:39]} f6 {[%emt 0:08:13]} 42. Kg2 {[%emt 0:02:28]} Rb8 {[%emt 0:04:49]} 43. Bxe6 {[%emt 0:08:48]} Rb2 {[%emt 0:04:20]} 44. Rxb2 {[%emt 0:02:08]} Qxh5 {[%emt 0:00:17]} 45. Nh2 {[%emt 0:01:34]} Qd1 {[%emt 0:03:19]} 46. hxg5 {[%emt 0:04:36]} fxg5 {[%emt 0:00:31]} 47. Kh3 {[%emt 0:08:29]} h5 {[%emt 0:00:34]} 48. Rb7+ {[%emt 0:00:35]} Kf6 {[%emt 0:02:14]} 49. Bf5 {[%emt 0:00:10]} g4+ {[%emt 0:01:51]} 50. Kh4 {[%emt 0:00:06]} Qd2 {[%emt 0:00:45]} 0-1

[Event "SVK Extraliga 2019-20"]
[Site "Slovakia"]
[Date "2020.09.05"]
[Round "10.6"]
[White "Striskova, Lucia"]
[Black "Sepesi, Samuel"]
[Result "0-1"]
[WhiteElo "1806"]
[BlackElo "2147"]
[Annotator "ChessBase"]
[PlyCount "36"]
[EventDate "2019.10.19"]
[EventType "team-tourn"]
[EventCountry "SVK"]
[SourceTitle "playchess.com"]
[Source "ChessBase"]
[SourceQuality "1"]
[BlackTeam "Snina"]
[TimeControl "40/5400+30:1800+30"]

1. e4 {[%emt 0:00:00]} c5 {[%emt 0:00:25]} 2. Nf3 {[%emt 0:00:00]} d6 {[%emt 0:00:31]} 3. d4 {[%emt 0:00:29]} cxd4 {[%emt 0:00:06]} 4. Nxd4 {[%emt 0:00:07]} Nf6 {[%emt 0:00:07]} 5. Nc3 {[%emt 0:00:22]} Nc6 {[%emt 0:00:06]} 6. Be3 {[%emt 0:01:16]} Ng4 {[%emt 0:00:53]} 7. Nxc6 {[%emt 0:05:21]} bxc6 {[%emt 0:03:38]} 8. Qd2 {[%emt 0:00:15]} Nxe3 {[%emt 0:01:13]} 9. Qxe3 {[%emt 0:02:05]} Qb6 {[%emt 0:01:50]} 10. Qf3 {[%emt 0:15:11]} Be6 {[%emt 0:04:16]} 11. Be2 {[%emt 0:00:38]} g6 {[%emt 0:04:09]} 12. O-O {[%emt 0:00:28]} Bg7 {[%emt 0:00:08]} 13. Rab1 {[%emt 0:05:38]} O-O {[%emt 0:00:13]} 14. b3 {[%emt 0:00:48]} Qc5 {[%emt 0:06:52]} 15. Na4 {[%emt 0:02:27]} Qxc2 {[%emt 0:01:07]} 16. Rfc1 {[%emt 0:03:21]} Qxa2 {[%emt 0:00:43]} 17. Nc3 {[%emt 0:01:02]} Bxc3 {[%emt 0:01:49]} 18. Qxc3 {[%emt 0:00:16]} Qxe2 {[%emt 0:00:12]} 0-1

[Event "SVK Extraliga 2019-20"]
[Site "Slovakia"]
[Date "2020.09.05"]
[Round "10.7"]
[White "Zwardon, Vojtech"]
[Black "Csonka, Attila Istvan"]
[Result "1-0"]
[WhiteElo "2455"]
[BlackElo "2356"]
[Annotator "TA"]
[PlyCount "39"]
[EventDate "2019.10.19"]
[EventType "team-tourn"]
[EventCountry "SVK"]
[SourceTitle "playchess.com"]
[Source "ChessBase"]
[SourceQuality "1"]

{[%evp 11,39,1,25,0,32,29,31,-51,-60,-51,-49,-43,-30,-46,46,75,167,70,92,76,104,90,386,420,406,412,424,402,2829,2756]} 1. c4 e5 2. g3 Nf6 3. Bg2 d5 4. cxd5 Nxd5 5. Nf3 Nc6 6. O-O Nb6 7. b3 {A20: English Opening: 1...e5.} Be6 {now scores much better than the old 7...Be7. Played by Hikaru Nakamura in August 2020.} 8. Bb2 f6 {[#]} 9. a4 $146 (9. d4 $14) ({Predecessor:} 9. Nc3 Qd7 10. Qc1 Nd4 11. Nxd4 exd4 12. Ne4 O-O-O 13. a4 d3 14. a5 Nd5 15. Nc5 Bxc5 16. Qxc5 {½-½ (63) Carlsen,M (2863)-Nakamura,H (2736) chess24.com INT 2020}) 9... Na5 $15 10. d4 Nxb3 11. a5 Nxa1 12. axb6 Nb3 ({Better is} 12... axb6 $15 13. Nc3 e4 $1 {[%mdl 512]}) 13. bxc7 $14 Qd7 {[#]} (13... Qxc7 $16 14. d5 O-O-O) 14. Nxe5 $1 {[%mdl 512]} Qxc7 (14... fxe5 15. Bxb7) 15. d5 Bf5 {aiming for ...Bc2.} 16. e4 Bc8 $2 {[%mdl 8192] Black cannot hold the game after this.} (16... fxe5 $16 17. exf5 Nd4) 17. Qh5+ $18 ({Not} 17. Qxb3 fxe5 18. Rc1 Qb6 $16) 17... g6 {[#]} 18. Nxg6 $1 {[%mdl 576] Pin, Discovered Attack} Qf7 (18... hxg6 19. Qxh8) 19. Bxf6 {Black must now prevent Qe5+.} Rg8 (19... Qxg6 $142 20. Qe5+ Kf7) 20. Qe5+ {Accuracy: White = 70%, Black = 37%.} 1-0

[Event "SVK Extraliga 2019-20"]
[Site "Slovakia"]
[Date "2020.09.05"]
[Round "10.7"]
[White "Hrabusa, Matej"]
[Black "Mydlarik, Martin"]
[Result "1-0"]
[WhiteElo "2360"]
[BlackElo "2073"]
[Annotator "TA"]
[PlyCount "65"]
[EventDate "2019.10.19"]
[EventType "team-tourn"]
[EventCountry "SVK"]
[SourceTitle "playchess.com"]
[Source "ChessBase"]
[SourceQuality "1"]
[WhiteTeam "Liptovska"]
[BlackTeam "Modra"]

{[%evp 19,65,-53,-16,-2,-1,-2,-4,-9,8,6,8,0,20,27,31,-43,36,21,89,82,85,88,83,93,93,77,102,96,162,145,475,460,868,860,1023,991,1020,0,1019,1019,934,965,905,893,876,854,820,805]} 1. e4 e6 2. d3 c5 3. Nf3 Nc6 4. g3 d5 5. Nbd2 {[%cal Bb1d2,Bd2f1,Bf1h2,Bh2g4][%mdl 32]} Nf6 6. Bg2 Be7 7. O-O O-O 8. Re1 b5 9. e5 Nd7 10. Nf1 Nb6 11. h4 {C00: French: Unusual White 2nd moves.} Qc7 12. N1h2 {[#]} f5 $146 ({Predecessor:} 12... c4 13. d4 a5 14. c3 Bd7 15. h5 b4 16. h6 g6 17. Ng4 Qd8 18. Bf4 a4 {1-0 (52) Robichaud,L (2038)-Jiang Barron,J (1542) Montreal 2019}) 13. exf6 {The position is equal.} Bxf6 14. Ng4 e5 15. Nfh2 Be6 16. f4 Rae8 17. fxe5 ({White should play} 17. Nxf6+ $14 gxf6 18. fxe5) 17... Bxg4 ({Reject} 17... Bxe5 $6 18. Nxe5 Nxe5 19. Bf4 $16) ({But not} 17... Nxe5 $6 18. Nxf6+ gxf6 19. Bh6 $14) ({Black should try} 17... Bd8 $15) 18. Nxg4 $14 Bxe5 (18... Nxe5 $11 {keeps the balance.} 19. Nxf6+ Rxf6) 19. Nxe5 $16 Rxe5 20. Bf4 {And now Rxe5 would win.} Rxe1+ 21. Qxe1 Qd7 22. c3 b4 23. Qe3 Na4 (23... bxc3 $16 {keeps fighting.} 24. bxc3 d4) 24. Re1 $18 Nxb2 $2 {[%mdl 8192]} (24... d4 $16 25. Bxc6 {[%mdl 64] Overworked Piece} Qxc6 26. cxd4 h6) 25. Qxc5 Rd8 {[#]} (25... Nxd3 $142 26. Bxd5+ {[%mdl 64] Double Attack} Rf7 27. Bxf7+ (27. Bxc6 Nxc5 28. Bxd7 Rxd7 $16) 27... Qxf7 28. Qxc6 Nxe1 29. Qc8+ Qf8 30. Qe6+ {[%mdl 64] Double Attack} Qf7 31. Qxe1 bxc3 32. Qxc3 h6) 26. Bxd5+ $1 {[%mdl 512]} Qxd5 {[#]} 27. Re8+ $1 {[%mdl 512]} Kf7 {[#]} (27... Rxe8 28. Qxd5+) 28. Qf8+ $1 Kg6 {[#] ...h5 is the strong threat.} 29. h5+ $1 {[%mdl 512] White is clearly winning.} Kxh5 {[#]} (29... Qxh5 30. Re6#) 30. Re5+ $1 {[%mdl 576] Deflection} Qxe5 (30... Nxe5 31. Qf5+) 31. Qf7+ Kg4 32. Bxe5 Nxe5 33. Qf4+ {[%mdl 64] Double Attack. Accuracy: White = 93%, Black = 41%.} 1-0